| Tag |
First Indicator |
Second Indicator |
Subfields |
| LEADER |
00000cas a2200000Ia 4500 |
| 001 |
in00004360821 |
| 005 |
20220105155823.0 |
| 008 |
810331d19231927enkwr p 0 a0eng d |
| 016 |
7 |
|
|a 013910884
|2 Uk
|
| 035 |
|
|
|a (OCoLC)ocm07289921
|
| 035 |
|
|
|a (OCoLC)7289921
|
| 040 |
|
|
|a IUL
|b eng
|c IUL
|d OCLCG
|d AU@
|d UKMGB
|d OCLCF
|d OCLCO
|d OCLCQ
|d OCLCO
|d TXA
|d UtOrBLW
|
| 043 |
|
|
|a e-uk-en
|
| 049 |
|
|
|a TXAM
|
| 050 |
|
4 |
|a AP4
|b .T13
|
| 245 |
0 |
0 |
|a T.P.'s and Cassell's weekly.
|
| 264 |
|
1 |
|a London :
|b Cassell,
|c 1923-1927.
|
| 300 |
|
|
|a 8 volumes :
|b illustrations ;
|c 32 cm
|
| 336 |
|
|
|a text
|b txt
|2 rdacontent
|
| 337 |
|
|
|a unmediated
|b n
|2 rdamedia
|
| 338 |
|
|
|a volume
|b nc
|2 rdacarrier
|
| 362 |
0 |
|
|a New ser. no. 1 (Oct. 27, 1923)-no. 203 (Sept. 17, 1927) = Vol. 1-8.
|
| 500 |
|
|
|a Title from cover.
|
| 500 |
|
|
|a "The most interesting literary paper in the world."
|
| 500 |
|
|
|a Imprint varies.
|
| 500 |
|
|
|a Editor: T.P. O'Connor.
|
| 651 |
|
0 |
|a England
|v Periodicals.
|
| 651 |
|
7 |
|a England.
|2 fast
|0 (OCoLC)fst01219920
|
| 655 |
|
7 |
|a Periodicals.
|2 fast
|0 (OCoLC)fst01411641
|
| 700 |
1 |
|
|a O'Connor, T. P.
|q (Thomas Power),
|d 1848-1929.
|0 http://id.loc.gov/authorities/names/n86082438
|
| 776 |
0 |
8 |
|i Online version:
|t T.P.'s and Cassell's weekly
|w (OCoLC)760516150
|
| 780 |
0 |
0 |
|t Cassell's weekly
|w (OCoLC)5987366
|
| 785 |
0 |
0 |
|t T.P.'s weekly (1927-1929)
|w (OCoLC)7289971
|
| 936 |
|
|
|a Sept. 17, 1927
|
| 994 |
|
|
|a C0
|b TXA
|
| 999 |
f |
f |
|s 82120e6a-f8c6-320c-a06e-2b061867db14
|i e8212941-04fe-3ed3-8962-0916deeac70a
|t 0
|
| 952 |
f |
f |
|p noncirc
|a Texas A&M University
|b College Station
|c Cushing Memorial Library & Archives
|d Cushing: Literature/Maugham (Does not check out)
|t 0
|e AP4 .T13
|f Vertical file
|h Library of Congress classification
|i unmediated -- volume
|
| 998 |
f |
f |
|a AP4 .T13
|s v.8:no.196 (1927:July 30)
|t 0
|l Cushing: Literature/Maugham (Does not check out)
|